000 00305nam a22001337a 4500
008 170615b xxu||||| |||| 00| 0 eng d
020 _a9780791428238
041 _aeng
080 _a32
100 _a19
101 _aSHP
245 _aNORTH AMERICAN AUTO UNIONS IN CRISIS
_cGREEN, W.C
942 _2udc
_cBK
999 _c17560
_d17560